Szczegóły MARC21

Wybór idiomów niemieckich /

003 -Nazwa inst., której nr kontr. jest w polu 001 [,]
    • @
    • Nazwa instytucji, której n kontrolny jest w polu 001
    • NUKAT
005 -DATA I CZAS OSTATNIEJ MODYFIKACJI [,]
    • @
    • pole kontrolne
    • 20241231110209.0
020 -Międzynarod. znormalizowany nr książki - ISBN [ , ]
    • a
    • Numer ISBN
    • 8321407137 Find
040 -Instytucja sporządzająca opis [ , ]
    • a
    • Instytucja, która sporządziła opis (NP)
    • KR 93/TS
    • c
    • Instytucja, która sporządziła rekord (NP)
    • KR 93/TS
    • d
    • Instytucja, która zmodyfikowała rekord (P)
    • KR 93/MN
    • d
    • Instytucja, która zmodyfikowała rekord (P)
    • KR 93/MSs
041 -Język dokumentu [0, ]
    • a
    • Język tekstu (P)
    • niemiecki
    • a
    • Język tekstu (P)
    • polski
942 -Rodzaj dokumentu [ , ]
    • c
    • Rodzaj dokumentu
    • Książka
100 -Hasło główne - nazwa osobowa [1, ]
    • a
    • Nazwa osobowa (NP)
    • Donath, Adolf
    • d
    • Daty biograficzne (NP)
    • (1919-1984).
    • 9
    • KHW
    • 74703
245 -Strefa tytułu i oznaczenia odpowiedzialności [1,0]
    • a
    • Tytuł
    • Wybór idiomów niemieckich / Find
    • c
    • Pozostałe elementy strefy tytułu i oznaczenia odpowiedzialności (NP)
    • Adolf Donath ; [red. nauk. Wolfgang Heinemann].
250 -Strefa wydania [ , ]
    • a
    • Oznaczenie wydania (NP)
    • Wyd. 3.
260 -Strefa adresu wydawniczego [ , ]
    • a
    • Miejsce wydania (P)
    • Warszawa :
    • b
    • Nazwa wydawcy (P)
    • Wiedza Powszechna,
    • c
    • Data wydania (P)
    • 1990.
300 -Strefa opisu fizycznego [ , ]
    • a
    • Określenie formy książki i/lub objętość (NP)
    • 245, [1] s. ;
    • c
    • Format (NP)
    • 19 cm.
336 -Typ zawartości [ , ]
    • a
    • Termin opisujący typ zawartości
    • Tekst
    • b
    • Kod określający zawartość
    • txt
    • 2
    • Źródło (terminu i kodu)
    • rdacontent
337 -Typ mediów [ , ]
    • a
    • Tryb odtwarzania
    • Bez urządzenia pośredniczącego
    • b
    • Kod typu mediów
    • n
    • 2
    • Źródło (terminu i kodu)
    • rdamedia
338 -Typ/rodzaj nośnika [ , ]
    • a
    • Hasło opisujące typ nośnika
    • Wolumin
    • b
    • Kod typu nośnika
    • nc
    • 2
    • Źródło (terminu i kodu)
    • rdacarrier
504 -Uwaga dot. bibliogr. załącznikowej [ , ]
    • a
    • Uwaga dot. bibliografii załącznikowej
    • Bibliogr. s. 7.
650 -Hasło przedmiotowe [ ,7]
    • a
    • Hasło przedmiotowe
    • Język niemiecki
    • x
    • Określnik rzeczowy
    • idiomatyzmy
    • v
    • Określnik formalny
    • podręczniki dla polskojęzycznych.
    • 2
    • Źródło terminu
    • kaba
    • 9
    • KHW
    • 386163
700 -Hasło dodatkowe - nazwa osobowa [1, ]
    • a
    • Nazwa osobowa (NP)
    • Heinemann, Wolfgang Find
    • d
    • Daty biograficzne (NP)
    • (1926-2018).
    • e
    • Określenie rodzaju współpracy
    • Red.
    • 9
    • KHW
    • 421715
710 -Hasło dodatkowe - nazwa ciała zbiorowego [2, ]
    • a
    • Nazwa ciała zbiorowego lub nazwa geograficzna jako pierwszy element (NP)
    • Państwowe Wydawnictwo Wiedza Powszechna.
    • 4
    • Kod relacji
    • pbl
    • 9
    • KHW
    • 52062
920 -ISBN [ , ]
    • a
    • ISBN
    • 83-214-0713-7 Find
Status udost. Numer inwentarzowy Data inwentaryzacji Lokalizacja Uwagi nie widoczne w OPAC Sygnatura
1G.7438 BM GERM. Idiomy 02
-3G.7437 BM Germ. Idiomy 02
1Q.13702019-05-13BM  
2JO.1055 BMubytek 
-3JO.1056 BM